Catalog

Record Details

Catalog Search



Čechy po Bílé Hoře / I. díl - kniha 3. Osvícený despotism Cover Image Book Book

Čechy po Bílé Hoře / Arnošt Denis ; Přeložil a poznámkami opatřil Jindřich Vančura I. díl - kniha 3. Osvícený despotism

Denis, Arnošt (Author). Vančura, Jindřich (Added Author).

Record details

  • Physical Description: 248 s.
  • Edition: 2. vyd.
  • Publisher: Praha F. Šimáček 1911

Available copies

  • 1 of 1 copy available at Common Catalog SPOK.

Holds

  • 0 current holds with 1 total copy.
Show Only Available Copies
Location Call Number / Copy Notes Barcode Shelving Location Status Due Date
ETS Library 943.7023 424470008489 Volný výběr Available -

LDR 00767nam a2 00253
00137353
003CZ-PrJAB
00520040312000000.0
008001205s1911 xr e |||| |cze
009cz
035 . ‡a(CONS)1645
035 . ‡aKPS7767
040 . ‡aABG450
041 . ‡acze
08214. ‡a943.7023
100 . ‡72098 ‡aDenis, Arnošt
245 . ‡aČechy po Bílé Hoře / ‡cArnošt Denis ; Přeložil a poznámkami opatřil Jindřich Vančura ‡nI. díl - kniha 3. ‡pOsvícený despotism
250 . ‡a2. vyd.
260 . ‡aPraha ‡bF. Šimáček ‡c1911
300 . ‡a248 s.
653 . ‡aČechy po Bílé Hoře Osvícený despotism.
700 . ‡72105 ‡aVančura, Jindřich
8524 . ‡bETS ‡bETS ‡cVolný výběr ‡j943.7023 ‡gA ‡p424470008489
910 . ‡aABG450
999 . ‡a1645 ‡bAUTOGEN ‡c1645 ‡tbiblio
905 . ‡uadmin
901 . ‡a37353 ‡b ‡c37353 ‡tbiblio ‡sets

Additional Resources